Score 0/21 Timer 08:00
0 Plays Today
Captains % Correct
Zaraki Kenpachi
62.8%
Byakuya Kuchiki
61.9%
Toushirou Hitsugaya
56.4%
Gin Ichimaru
51.9%
Kyouraku Shunsui
42%
Unohana Retsu
41.7%
Tousen Kaname
37.8%
Kisuke Urahara
37.8%
Ginrei Kuchiki
37.5%
Konamura Sajin
29.5%
Aizen Sousuke
28.5%
Captains % Correct
Soi Fong
27.9%
Shinji Hirako
27.6%
Yamamoto Genryuusai
20.8%
Yoruichi Shihoin
17.9%
Love Aikawa
17.6%
Kensei Muguruma
14.4%
Ukitake Jyuushiro
12.2%
Rose Otoribashi
8.7%
Mayuri Kurotshuchi
3.5%
Amagai Syusuke
1%

You're not logged in!

Compare scores with friends on all Sporcle quizzes.
OR
Log In

Sporcle TV

Today on Sporcle TV


Watch our educational content, quiz creation guides, and fun videos on Sporcle TV.

Show Comments

Extras

Created Sep 24, 2009SourceReportNominate
Tags:bleach, captain, past, present

Top Quizzes Today


Score Distribution

Paid Content

Your Account Isn't Verified!

In order to create a playlist on Sporcle, you need to verify the email address you used during registration. Go to your Sporcle Settings to finish the process.

Report this User

Report this user for behavior that violates our Community Guidelines.

Details: